Belgium Euro Squad 2016 - Statistics

General Stats
  • This quiz has been taken 1,263 times
  • The average score is 17 of 23
Answer Stats
Number Post Player Club % Correct
1 GK Thibaut Courtois Chelsea FC
97%
21 DF Jordan Lukaku Ostende
95%
9 ST Romelu Lukaku Everton FC
95%
10 ST Eden Hazard Chelsea FC
93%
5 DF Jan Vertonghen Tottenham Hotspur
91%
19 GK Simon Mignolet Liverpool FC
91%
7 ST Kevin De Bruyne Manchester City
89%
14 ST Dries Mertens SSC Napoli
86%
17 ST Divock Origi Liverpool FC
85%
8 MF Marouane Fellaini Manchester United
85%
2 DF Toby Alderweireld Tottenham Hotspur
84%
6 MF Axel Witsel Zenit
81%
19 MF Moussa Dembélé Tottenham Hotspur
81%
3 DF Thomas Vermaelen FC Barcelona
80%
11 ST Yannick Carrasco Atletico Madrid
78%
20 ST Christian Benteke Liverpool FC
72%
4 MF Radja Nainggolan AS Roma
68%
22 ST Michy Batshuayi Olympique de Marseille
61%
16 DF Thomas Meunier Club Brugge
46%
15 DF Jason Denayer Galatasaray SK
43%
23 DF Laurent Ciman Impact Montreal
40%
13 GK Jean-François Gillet KV Mechelen
22%
18 DF Christian Kabasele RC Genk
14%
No matching quizzes found
Score Distribution
Percent of People with Each Score
Percentile by Number Answered
Your Score History
You have not taken this quiz